000 00375nam a22001577a 4500
005 20251108163340.0
008 250721s1994 xx 000 0 ara d
082 1 4 _a216,23/ليل
100 1 _aأبو ليلى، فرج محمود
245 1 0 _aفي رحاب الصوم /
264 _c1994.
300 _a186ص
650 1 7 _aالصوم
942 _2ddc
_cBK
999 _c436
_d436